| 000 | 00346nam a22001337a 4500 | ||
|---|---|---|---|
| 082 |
_a954.913 _bBIR _cL-28, P-45 |
||
| 100 |
_aLord birdwood _946550 |
||
| 245 | _aTwo nations and Kashmir | ||
| 260 |
_aLondon _bRobert Hale Limited |
||
| 300 |
_aP-237 _bIllus |
||
| 526 |
_a0 _b0 _c0 _d954_913000000000000_BIR |
||
| 650 |
_aMCE _9379 |
||
| 942 |
_2ddc _cBK |
||
| 999 |
_c549863 _d549863 |
||